[Event "GER-ch Net blitz qual4"]
[Site "Playchess.com INT"]
[Date "2020.03.23"]
[Round "4"]
[White "Hahnen, Elke"]
[Black "Schmukal, Jens"]
[Result "0-1"]
[WhiteElo "1811"]
[BlackElo "1786"]
[PlyCount "77"]
[EventDate "2020.03.23"]
[EventType "swiss (blitz)"]
[EventRounds "9"]
[EventCountry "GER"]
[SourceTitle "CBM 195 Extra"]
[Source "ChessBase"]
[SourceDate "2020.05.31"]
[SourceVersion "1"]
[SourceVersionDate "2020.05.31"]
[SourceQuality "1"]

1. c4 e5 2. Nc3 Nc6 3. d3 g6 4. e4 Bg7 5. g3 Nd4 6. Be3 Ne7 7. Bg2 d6 8. Nge2 c5 9. 0-0 Be6 10. Qd2 Qd7 11. b3 Bh3 12. f4 Bxg2 13. Kxg2 h5 14. fxe5 Bxe5 15. Bxd4 cxd4 16. Nb5 a6 17. Nbxd4 h4 18. Rac1 hxg3 19. Nxg3 Qh3+ 20. Kg1 Bxg3 21. hxg3 Qxg3+ 22. Qg2 Qe5 23. Nf3 Qg7 24. Ng5 0-0-0 25. Nxf7 Qd4+ 26. Qf2 Qxd3 27. Nxd8 Kxd8 28. Rce1 Rh3 29. Kg2 Rh5 30. Qf8+ Kd7 31. Qf3 Rg5+ 32. Kf2 Qd4+ 33. Re3 Qe5 34. Ke2 Rh5 35. Qf4 Rh2+ 36. Rf2 Qb2+ 37. Kf3 Qxf2+ 38. Kg4 Rh4+ 39. Kg5 0-1

[Event "GER-ch Net blitz qual4"]
[Site "Playchess.com INT"]
[Date "2020.03.23"]
[Round "9"]
[White "Hingst, Silke"]
[Black "Hahnen, Elke"]
[Result "0-1"]
[WhiteElo "1888"]
[BlackElo "1811"]
[PlyCount "46"]
[EventDate "2020.03.23"]
[EventType "swiss (blitz)"]
[EventRounds "9"]
[EventCountry "GER"]
[SourceTitle "CBM 195 Extra"]
[Source "ChessBase"]
[SourceDate "2020.05.31"]
[SourceVersion "1"]
[SourceVersionDate "2020.05.31"]
[SourceQuality "1"]

1. e4 c6 2. d4 d5 3. exd5 cxd5 4. c4 Nf6 5. Nc3 Be6 6. cxd5 Nxd5 7. Nf3 Nc6 8. Bb5 g6 9. 0-0 Rc8 10. Ne5 Bg7 11. Nxc6 bxc6 12. Ba4 0-0 13. Re1 Qa5 14. Bd2 Qb6 15. Nxd5 Bxd5 16. Rxe7 Bxd4 17. Qe2 Qxb2 18. Re1 Qxa2 19. Bd1 Bc4 20. Qg4 Qxd2 21. Qg3 Qc3 22. Qg4 Bf6 23. Rd7 Qxe1# 0-1

[Event "GER-ch Net blitz qual3"]
[Site "Playchess.com INT"]
[Date "2020.03.21"]
[Round "2"]
[White "Hahnen, Elke"]
[Black "Hagenbeck Huebert, Ben"]
[Result "1-0"]
[WhiteElo "1811"]
[BlackElo "1749"]
[PlyCount "131"]
[EventDate "2020.03.21"]
[EventType "swiss (blitz)"]
[EventRounds "9"]
[EventCountry "GER"]
[SourceTitle "CBM 195 Extra"]
[Source "ChessBase"]
[SourceDate "2020.05.31"]
[SourceVersion "1"]
[SourceVersionDate "2020.05.31"]
[SourceQuality "1"]

1. d4 d5 2. e3 c6 3. Bd3 Nf6 4. f4 g6 5. Nd2 Bg7 6. Qe2 0-0 7. Ngf3 Nbd7 8. Ne5 Nxe5 9. fxe5 Nd7 10. e4 f6 11. e6 Nb6 12. exd5 Nxd5 13. Nf3 Qd6 14. g3 Bxe6 15. a3 Bd7 16. c4 e5 17. dxe5 fxe5 18. cxd5 Bg4 19. 0-0 cxd5 20. Qd1 e4 21. Bxe4 Qb6+ 22. Kg2 dxe4 23. Qd5+ Qe6 24. Qxe6+ Bxe6 25. Ng5 Rxf1 26. Kxf1 Rf8+ 27. Ke2 Bc4+ 28. Ke1 Re8 29. Be3 Bxb2 30. Rb1 Bc3+ 31. Bd2 Bxd2+ 32. Kxd2 b5 33. Ke3 Bd3 34. Rb2 Kg7 35. Rf2 Re7 36. h4 h6 37. Nh3 Rf7 38. Nf4 Bc2 39. Rxc2 g5 40. hxg5 hxg5 41. Ne6+ Kg6 42. Kxe4 Re7 43. Kd5 Kf5 44. Rf2+ Kg4 45. Nd4 Kxg3 46. Rb2 a6 47. Nf5+ Kf4 48. Nxe7 g4 49. Rb4+ Kf3 50. Ng6 g3 51. Nh4+ Kf2 52. a4 bxa4 53. Rxa4 g2 54. Nxg2 Kxg2 55. Rxa6 Kf2 56. Re6 Kf3 57. Re4 Kg3 58. Kd4 Kf3 59. Kd3 Kg3 60. Ke2 Kg2 61. Rg4+ Kh3 62. Kf3 Kh2 63. Rg3 Kh1 64. Kf2 Kh2 65. Re3 Kh1 66. Rh3# 1-0

[Event "GER-ch Net blitz qual3"]
[Site "Playchess.com INT"]
[Date "2020.03.21"]
[Round "4"]
[White "Hahnen, Elke"]
[Black "Hofmann, Michael1111"]
[Result "1-0"]
[WhiteElo "1811"]
[BlackElo "1707"]
[PlyCount "55"]
[EventDate "2020.03.21"]
[EventType "swiss (blitz)"]
[EventRounds "9"]
[EventCountry "GER"]
[SourceTitle "CBM 195 Extra"]
[Source "ChessBase"]
[SourceDate "2020.05.31"]
[SourceVersion "1"]
[SourceVersionDate "2020.05.31"]
[SourceQuality "1"]

1. d4 g6 2. e3 Bg7 3. Bd3 c5 4. c3 b6 5. f4 Bb7 6. Nf3 Nf6 7. Nbd2 0-0 8. 0-0 d5 9. Qe2 c4 10. Bc2 Nbd7 11. Ne5 Nxe5 12. fxe5 Nd7 13. e4 e6 14. exd5 exd5 15. Nf3 h6 16. e6 fxe6 17. Qxe6+ Kh8 18. Qxg6 Rf6 19. Qg3 Nf8 20. Ne5 Rxf1+ 21. Kxf1 Qf6+ 22. Kg1 Re8 23. Bf4 Bc8 24. Rf1 Qe7 25. Ng6+ Nxg6 26. Qxg6 Bf8 27. Be5+ Bg7 28. Qh7# 1-0

[Event "GER-ch Net blitz qual3"]
[Site "Playchess.com INT"]
[Date "2020.03.21"]
[Round "6"]
[White "Johann, Gregor"]
[Black "Hahnen, Elke"]
[Result "1-0"]
[WhiteElo "2003"]
[BlackElo "1811"]
[PlyCount "91"]
[EventDate "2020.03.21"]
[EventType "swiss (blitz)"]
[EventRounds "9"]
[EventCountry "GER"]
[SourceTitle "CBM 195 Extra"]
[Source "ChessBase"]
[SourceDate "2020.05.31"]
[SourceVersion "1"]
[SourceVersionDate "2020.05.31"]
[SourceQuality "1"]

1. Nf3 c6 2. d4 d5 3. Bf4 e6 4. e3 f5 5. c3 Nf6 6. Nbd2 Be7 7. Bd3 0-0 8. Qe2 Nbd7 9. Ne5 Qe8 10. h3 g6 11. Bh6 Nxe5 12. dxe5 Nd7 13. Bxf8 Qxf8 14. Nf3 Qg7 15. 0-0 g5 16. Nd4 Nxe5 17. f4 Nxd3 18. Qxd3 gxf4 19. exf4 Bd7 20. Rae1 Bc5 21. Kh1 Re8 22. Re2 Kf7 23. Rfe1 h5 24. Nf3 Kf6 25. Ng5 Qg8 26. h4 Bb6 27. c4 d4 28. b4 c5 29. bxc5 Bxc5 30. Re5 b6 31. Nf3 Bc6 32. R1e2 Qg3 33. Kg1 Bxf3 34. Qxf3 Qxh4 35. Qc6 d3+ 36. Rxc5 bxc5 37. Qxe8 Qh1+ 38. Kxh1 dxe2 39. Qd8+ Kg6 40. Qd2 e1Q+ 41. Qxe1 Kf6 42. Qd2 e5 43. Qc3 Ke6 44. Qxe5+ Kf7 45. Qxf5+ Kg7 46. Qxh5 1-0

[Event "GER-ch Net blitz qual3"]
[Site "Playchess.com INT"]
[Date "2020.03.21"]
[Round "3"]
[White "Lachmann, Utz"]
[Black "Hahnen, Elke"]
[Result "1-0"]
[WhiteElo "2093"]
[BlackElo "1811"]
[PlyCount "64"]
[EventDate "2020.03.21"]
[EventType "swiss (blitz)"]
[EventRounds "9"]
[EventCountry "GER"]
[SourceTitle "CBM 195 Extra"]
[Source "ChessBase"]
[SourceDate "2020.05.31"]
[SourceVersion "1"]
[SourceVersionDate "2020.05.31"]
[SourceQuality "1"]

1. e4 c6 2. d4 d5 3. e5 Bf5 4. Nc3 h5 5. Bd3 Bxd3 6. Qxd3 e6 7. f4 Ne7 8. Nf3 Nf5 9. Be3 Be7 10. 0-0-0 Nd7 11. Kb1 Qa5 12. Ne2 b5 13. h3 h4 14. Rhg1 Nb6 15. b3 Nxe3 16. Qxe3 Qa3 17. Qc1 Qa5 18. Qd2 Qa3 19. Qc1 Qa5 20. Ng5 Rb8 21. Ka1 Ba3 22. Qd2 Qa6 23. f5 Kd7 24. Nxf7 Rhf8 25. fxe6+ Kxe6 26. Ng5+ Kd7 27. e6+ Ke8 28. Rgf1 Rxf1 29. Rxf1 Bb2+ 30. Kxb2 Nc4+ 31. bxc4 bxc4+ 32. Ka1 Rb5 1-0

[Event "GER-ch Net blitz qual3"]
[Site "Playchess.com INT"]
[Date "2020.03.21"]
[Round "1"]
[White "Schoettker, Jochen"]
[Black "Hahnen, Elke"]
[Result "1-0"]
[WhiteElo "1943"]
[BlackElo "1811"]
[PlyCount "91"]
[EventDate "2020.03.21"]
[EventType "swiss (blitz)"]
[EventRounds "9"]
[EventCountry "GER"]
[SourceTitle "CBM 195 Extra"]
[Source "ChessBase"]
[SourceDate "2020.05.31"]
[SourceVersion "1"]
[SourceVersionDate "2020.05.31"]
[SourceQuality "1"]

1. Nf3 d5 2. g3 c6 3. Bg2 Nf6 4. 0-0 g6 5. d4 Bg7 6. b3 0-0 7. Bb2 Bf5 8. c4 Na6 9. Nc3 Qc8 10. Re1 Bh3 11. Bh1 Re8 12. a3 Bf5 13. Ne5 h5 14. e4 dxe4 15. Nxe4 Nxe4 16. Bxe4 Bxe4 17. Rxe4 Qf5 18. Qe2 Rad8 19. Rf4 Qg5 20. Nxf7 Qxf4 21. gxf4 Kxf7 22. Rd1 e6 23. b4 Nc7 24. Qe4 Rd7 25. a4 Red8 26. b5 cxb5 27. Qxb7 Ne8 28. Qxb5 Nf6 29. Ba1 Ne4 30. Qc6 Nf6 31. a5 Rd6 32. Qb5 a6 33. Qb7+ R8d7 34. Qc8 Rd8 35. Qb7+ R8d7 36. Qb4 Ne4 37. c5 Rd5 38. c6 Rc7 39. Qb6 Rc8 40. f3 Nd6 41. Qxa6 g5 42. Bc3 gxf4 43. Bb4 Rg5+ 44. Kf2 Nf5 45. Qxc8 Nxd4 46. Bc3 1-0

[Event "GER-ch Net blitz qual1"]
[Site "Playchess.com INT"]
[Date "2020.03.07"]
[Round "6"]
[White "Hahnen, Elke"]
[Black "Bertz, Marcus"]
[Result "0-1"]
[WhiteElo "1811"]
[BlackElo "1780"]
[PlyCount "49"]
[EventDate "2020.03.07"]
[EventType "swiss (blitz)"]
[EventRounds "9"]
[EventCountry "GER"]
[SourceTitle "CBM 195 Extra"]
[Source "ChessBase"]
[SourceDate "2020.05.31"]
[SourceVersion "1"]
[SourceVersionDate "2020.05.31"]
[SourceQuality "1"]

1. d4 d6 2. e4 Nf6 3. Bg5 g6 4. Bxf6 exf6 5. Nd2 Bg7 6. Bd3 0-0 7. c3 d5 8. f3 b6 9. Ne2 c5 10. 0-0 Bb7 11. Ng3 cxd4 12. cxd4 Nc6 13. Nb3 a5 14. exd5 Qxd5 15. Be4 Qd8 16. Rc1 Rc8 17. Qd2 f5 18. Bxc6 Bxc6 19. Rfd1 Bd5 20. Rc3 Qd6 21. Nc1 Bb7 22. Rxc8 Rxc8 23. d5 Rd8 24. Qe3 f4 25. Qe4 0-1

[Event "GER-ch Net blitz qual1"]
[Site "Playchess.com INT"]
[Date "2020.03.07"]
[Round "4"]
[White "Hahnen, Elke"]
[Black "Ribbe, Juergen"]
[Result "1-0"]
[WhiteElo "1811"]
[BlackElo "1982"]
[PlyCount "93"]
[EventDate "2020.03.07"]
[EventType "swiss (blitz)"]
[EventRounds "9"]
[EventCountry "GER"]
[SourceTitle "CBM 195 Extra"]
[Source "ChessBase"]
[SourceDate "2020.05.31"]
[SourceVersion "1"]
[SourceVersionDate "2020.05.31"]
[SourceQuality "1"]

1. d4 Nf6 2. e3 g6 3. Bd3 Bg7 4. f4 d6 5. c4 c6 6. Nf3 Qc7 7. Nc3 a6 8. a4 a5 9. 0-0 Na6 10. Qe2 Nb4 11. Bb1 0-0 12. Rd1 Bg4 13. h3 Bxf3 14. Qxf3 e5 15. fxe5 dxe5 16. d5 cxd5 17. Nxd5 Nfxd5 18. cxd5 f5 19. e4 f4 20. Bd2 Rfd8 21. Qc3 Qb6+ 22. Kh2 Rac8 23. Qb3 Qf2 24. Bxb4 axb4 25. Qxb4 f3 26. Qd2 Qxd2 27. Rxd2 fxg2 28. Kxg2 Rc1 29. Rc2 Rc8 30. Rxc8+ Rxc8 31. Ba2 Rc2+ 32. Kf3 Rxb2 33. Bc4 Kf8 34. Rc1 Ke7 35. Bb5 Kd8 36. h4 Bh6 37. Rc4 Bf4 38. Kg4 h5+ 39. Kf3 Rb3+ 40. Kf2 Rh3 41. d6 Rxh4 42. Rc7 Rh2+ 43. Kg1 b6 44. Rd7+ Kc8 45. Rg7 Bg5 46. Rxg6 Bd8 47. Kxh2 1-0

[Event "Vlissingen HZ op 23rd"]
[Site "Vlissingen"]
[Date "2019.08.08"]
[Round "7"]
[White "Hahnen, Elke"]
[Black "Tibke, Jonas"]
[Result "0-1"]
[WhiteElo "1803"]
[BlackElo "1937"]
[PlyCount "72"]
[EventDate "2019.08.03"]
[EventType "swiss"]
[EventRounds "9"]
[EventCountry "NED"]
[SourceTitle "CBM 191 Extra"]
[Source "ChessBase"]
[SourceDate "2019.09.30"]
[SourceVersion "1"]
[SourceVersionDate "2019.09.30"]
[SourceQuality "1"]

1. d4 Nf6 2. e3 d5 3. Bd3 c5 4. f4 Bg4 5. Nf3 cxd4 6. exd4 Nc6 7. c3 e6 8. Qe2 Qc7 9. 0-0 g6 10. Qe1 Bxf3 11. Rxf3 0-0-0 12. b3 Bg7 13. Bb2 Ne7 14. Nd2 Nf5 15. a4 h5 16. Ba3 Bh6 17. Qe5 Ng4 18. Qxc7+ Kxc7 19. Re1 Rc8 20. g3 Kd7 21. Bb5+ Kd8 22. Bc5 b6 23. Bb4 a5 24. Ba3 Bg7 25. Rd3 Rxc3 26. Nf3 Rxd3 27. Bxd3 Nxd4 28. Ng5 Nh6 29. Kg2 Nxb3 30. Rb1 Nc5 31. Be2 Nxa4 32. Rc1 Nc3 33. Bd3 Kd7 34. h3 b5 35. Rc2 b4 36. Bc1 a4 0-1

[Event "Vlissingen HZ op 23rd"]
[Site "Vlissingen"]
[Date "2019.08.06"]
[Round "5"]
[White "Hahnen, Elke"]
[Black "Haak, Eelco"]
[Result "1/2-1/2"]
[WhiteElo "1803"]
[BlackElo "2003"]
[PlyCount "31"]
[EventDate "2019.08.03"]
[EventType "swiss"]
[EventRounds "9"]
[EventCountry "NED"]
[SourceTitle "CBM 191 Extra"]
[Source "ChessBase"]
[SourceDate "2019.09.30"]
[SourceVersion "1"]
[SourceVersionDate "2019.09.30"]
[SourceQuality "1"]

1. e4 e6 2. d4 d5 3. Nc3 Bb4 4. e5 c5 5. Nf3 Ne7 6. Be2 Nbc6 7. 0-0 Qa5 8. Nb5 c4 9. a4 a6 10. Na3 c3 11. b3 Bd7 12. Be3 Rc8 13. Nh4 Ng6 14. Nf3 Nge7 15. Nh4 Ng6 16. Nf3 1/2-1/2

[Event "Vlissingen HZ op 23rd"]
[Site "Vlissingen"]
[Date "2019.08.03"]
[Round "1"]
[White "Hausrath, Daniel"]
[Black "Hahnen, Elke"]
[Result "1-0"]
[WhiteElo "2467"]
[BlackElo "1803"]
[PlyCount "47"]
[EventDate "2019.08.03"]
[EventType "swiss"]
[EventRounds "9"]
[EventCountry "NED"]
[SourceTitle "CBM 191 Extra"]
[Source "ChessBase"]
[SourceDate "2019.09.30"]
[SourceVersion "1"]
[SourceVersionDate "2019.09.30"]
[SourceQuality "1"]

1. Nf3 d5 2. g3 g6 3. Bg2 Bg7 4. 0-0 Nf6 5. b3 0-0 6. Bb2 b6 7. c4 c6 8. d3 Bg4 9. Nbd2 Nbd7 10. Nd4 Rc8 11. h3 Be6 12. N2f3 Nc5 13. b4 Ncd7 14. Nxe6 fxe6 15. Ng5 Rf7 16. Nxe6 Qe8 17. cxd5 cxd5 18. Qb3 Bh6 19. Bxd5 Nxd5 20. Qxd5 Rc2 21. Bc1 Bxc1 22. Raxc1 Rxe2 23. Ng5 e6 24. Qb7 1-0

[Event "Duesseldorf Nord Cup 9th GrH"]
[Site "Duesseldorf"]
[Date "2009.08.15"]
[Round "2.2"]
[White "Hahnen, Elke"]
[Black "Herms, Stefan"]
[Result "1-0"]
[WhiteElo "1905"]
[BlackElo "1999"]
[PlyCount "73"]
[EventDate "2009.08.14"]
[EventType "tourn"]
[EventRounds "5"]
[EventCountry "GER"]
[SourceTitle "EXT 2017"]
[Source "ChessBase"]
[SourceDate "2016.10.25"]
[SourceVersion "1"]
[SourceVersionDate "2016.10.25"]
[SourceQuality "1"]

1. d4 e6 2. e3 b6 3. f4 Bb7 4. Nf3 f5 5. Bd3 Nf6 6. Nbd2 Be7 7. Qe2 Nc6 8. e4 fxe4 9. Nxe4 Nb4 10. Nxf6+ Bxf6 11. c3 Nxd3+ 12. Qxd3 0-0 13. 0-0 a5 14. Re1 Rf7 15. Bd2 Qf8 16. Rad1 Qd6 17. Bc1 Qd5 18. c4 Qh5 19. d5 exd5 20. cxd5 d6 21. Re6 Raf8 22. h3 Bc8 23. Re2 Bf5 24. Qb3 Bxh3 25. gxh3 Qxh3 26. Rh2 Qf5 27. Qd3 Qg4+ 28. Kh1 g6 29. Rg1 Qd7 30. f5 Bg7 31. Nh4 gxf5 32. Bh6 Kh8 33. Bxg7+ Rxg7 34. Qd4 Rff7 35. Rhg2 f4 36. Rh2 Qe7 37. Ng6+ 1-0

[Event "Duesseldorf Nord Cup 9th GrH"]
[Site "Duesseldorf"]
[Date "2009.08.14"]
[Round "1.2"]
[White "Bigott, Martin"]
[Black "Hahnen, Elke"]
[Result "1-0"]
[WhiteElo "1898"]
[BlackElo "1905"]
[PlyCount "95"]
[EventDate "2009.08.14"]
[EventType "tourn"]
[EventRounds "5"]
[EventCountry "GER"]
[SourceTitle "EXT 2017"]
[Source "ChessBase"]
[SourceDate "2016.10.25"]
[SourceVersion "1"]
[SourceVersionDate "2016.10.25"]
[SourceQuality "1"]

1. d4 d5 2. Nf3 Nf6 3. c4 e6 4. Nc3 c6 5. e3 Bd6 6. Bd2 Nbd7 7. Qc2 0-0 8. Be2 Qe7 9. 0-0 Rb8 10. Rfe1 e5 11. e4 exd4 12. Nxd4 dxe4 13. Nf5 Qe5 14. Nxd6 Qxd6 15. Be3 Re8 16. Bxa7 Ra8 17. Rad1 Qe7 18. Bd4 c5 19. Be3 h6 20. a3 Nf8 21. Nd5 Nxd5 22. cxd5 b6 23. d6 Qd7 24. Qb3 Qa7 25. Bb5 Bd7 26. Bxd7 Nxd7 27. Bf4 Qa4 28. Qg3 Kh7 29. Rd2 f5 30. Rde2 Qd4 31. Be3 Qf6 32. f3 g5 33. fxe4 Rxe4 34. h4 Rg8 35. hxg5 hxg5 36. Qh3+ Kg6 37. Bxg5 Rxe2 38. Bxf6 Rxe1+ 39. Kf2 Ree8 40. Be7 Nf6 41. Qg3+ Ng4+ 42. Kf3 Kf7 43. Qf4 Ke6 44. Qc4+ Kd7 45. Qb5+ Ke6 46. Qb3+ Kd7 47. Qd5 Rgf8 48. Qb7+ 1-0

[Event "Vlissingen HZ op 11th"]
[Site "Vlissingen"]
[Date "2007.08.05"]
[Round "2"]
[White "De Wolf, Johan"]
[Black "Hahnen, Elke"]
[Result "1-0"]
[WhiteElo "2162"]
[BlackElo "1908"]
[PlyCount "59"]
[EventDate "2007.08.04"]
[EventType "swiss"]
[EventRounds "9"]
[EventCountry "NED"]
[SourceTitle "CBM 119 Extra"]
[Source "ChessBase"]
[SourceDate "2007.09.04"]
[SourceVersion "1"]
[SourceVersionDate "2007.09.04"]
[SourceQuality "1"]

1. d4 d5 2. Nf3 e6 3. c4 c6 4. g3 Bd6 5. Bg2 Nd7 6. 0-0 f5 7. b3 Qe7 8. Nbd2 Ngf6 9. Bb2 0-0 10. e3 g6 11. Ne1 Ng4 12. e4 dxe4 13. Nxe4 Bc7 14. Nd2 Ndf6 15. Nd3 h5 16. Nf3 Bd7 17. Qc1 Qg7 18. Nc5 Bc8 19. Ng5 Re8 20. Re1 e5 21. h3 Nxf2 22. Kxf2 e4 23. d5 cxd5 24. cxd5 Bb6 25. b4 a5 26. a3 Qe7 27. Qc3 axb4 28. axb4 Rxa1 29. Bxa1 Bxc5+ 30. bxc5 1-0

[Event "Vlissingen HZ op 11th"]
[Site "Vlissingen"]
[Date "2007.08.05"]
[Round "3"]
[White "Hahnen, Elke"]
[Black "Stange, Sven"]
[Result "1/2-1/2"]
[WhiteElo "1908"]
[BlackElo "2144"]
[PlyCount "62"]
[EventDate "2007.08.04"]
[EventType "swiss"]
[EventRounds "9"]
[EventCountry "NED"]
[SourceTitle "CBM 119 Extra"]
[Source "ChessBase"]
[SourceDate "2007.09.04"]
[SourceVersion "1"]
[SourceVersionDate "2007.09.04"]
[SourceQuality "1"]

1. d4 Nf6 2. Bg5 e6 3. e4 Be7 4. Nd2 d6 5. c3 h6 6. Be3 c5 7. dxc5 dxc5 8. f3 Nc6 9. Nb3 Qxd1+ 10. Rxd1 b6 11. Bb5 Bb7 12. Nh3 0-0 13. 0-0 Rfd8 14. Nf2 Ne5 15. Be2 Bc6 16. Nc1 Ba4 17. b3 Bc6 18. Ncd3 Nxd3 19. Rxd3 Rxd3 20. Bxd3 Nd7 21. Rd1 Bf6 22. Rc1 Rd8 23. Kf1 Ne5 24. Ke2 Ng6 25. g3 Bb7 26. Ng4 Be7 27. f4 h5 28. Nf2 Bf8 29. e5 Ne7 30. b4 Nd5 31. b5 Be7 1/2-1/2

[Event "BL2 Gr01 0506 (Women)"]
[Site "Germany"]
[Date "2006.01.21"]
[Round "5.4"]
[White "Hahnen, Elke"]
[Black "Froehlich Dill, Astrid"]
[Result "1-0"]
[WhiteElo "1756"]
[BlackElo "1756"]
[PlyCount "145"]
[EventDate "2005.10.29"]
[EventType "team-tourn"]
[EventRounds "7"]
[EventCountry "GER"]
[SourceTitle "EXT 2007"]
[Source "ChessBase"]
[SourceDate "2006.11.23"]
[SourceVersion "1"]
[SourceVersionDate "2006.11.23"]
[SourceQuality "1"]
[WhiteTeam "Duesseldorf (W)"]
[BlackTeam "Hofheim (W)"]
[WhiteTeamCountry "GER"]
[BlackTeamCountry "GER"]

1. d4 Nf6 2. e3 e6 3. Bd3 c5 4. c3 Nc6 5. f4 cxd4 6. exd4 b6 7. Nf3 Bb7 8. Qe2 Be7 9. Nbd2 Qc7 10. Nc4 b5 11. Nce5 a6 12. Bd2 d6 13. Nxf7 0-0 14. N7g5 Nd8 15. 0-0 Bd5 16. b3 h6 17. Nh3 Qb7 18. c4 bxc4 19. bxc4 Be4 20. Rab1 Bxd3 21. Qxd3 Qc7 22. Kh1 Nh7 23. Rfe1 Rc8 24. Rbc1 Qd7 25. d5 exd5 26. Qxd5+ Kh8 27. Ne5 Qf5 28. g4 Qf6 29. Nd7 Qh4 30. Nxf8 Bxf8 31. Qf3 Nc6 32. Re2 Nd4 33. Qf2 Qxg4 34. Re3 Nf5 35. Rec3 Nf6 36. Qg2 Qxg2+ 37. Kxg2 Ne4 38. Rd3 Nxd2 39. Rxd2 d5 40. c5 Rxc5 41. Rxc5 Bxc5 42. Kf3 Nd4+ 43. Kg4 g6 44. Nf2 h5+ 45. Kh3 Ne6 46. Nd3 Be3 47. Re2 d4 48. Kg3 a5 49. Kf3 Kg7 50. Rb2 g5 51. fxg5 Nxg5+ 52. Kg2 Kf6 53. Rb5 a4 54. h4 Ne4 55. Rxh5 Nc3 56. Nb4 Bc1 57. Kf3 Bd2 58. Rc5 a3 59. Nd5+ Kg6 60. Nxc3 dxc3 61. Ke2 Kh6 62. Kd1 Kg6 63. Kc2 Be1 64. Rc4 Kh5 65. Rxc3 Bxc3 66. Kxc3 Kxh4 67. Kb3 Kg5 68. Kxa3 Kf5 69. Kb4 Ke5 70. Kc5 Ke6 71. Kc6 Ke7 72. Kc7 Ke6 73. a4 1-0

[Event "BL2 Gr01 0506 (Women)"]
[Site "Germany"]
[Date "2005.11.20"]
[Round "4.4"]
[White "Hahnen, Elke"]
[Black "Gill, Katrin"]
[Result "0-1"]
[WhiteElo "1756"]
[BlackElo "1738"]
[PlyCount "48"]
[EventDate "2005.10.29"]
[EventType "team-tourn"]
[EventRounds "7"]
[EventCountry "GER"]
[SourceTitle "EXT 2007"]
[Source "ChessBase"]
[SourceDate "2006.11.23"]
[SourceVersion "1"]
[SourceVersionDate "2006.11.23"]
[SourceQuality "1"]
[WhiteTeam "Duesseldorf (W)"]
[BlackTeam "Krefeld Turm (W)"]
[WhiteTeamCountry "GER"]
[BlackTeamCountry "GER"]

1. d4 d5 2. e3 Nf6 3. Bd3 c6 4. Nd2 h6 5. f4 Bg4 6. Ngf3 Nbd7 7. 0-0 e6 8. Qe1 Bxf3 9. Rxf3 c5 10. c3 Qc7 11. Rf1 Bd6 12. g3 0-0-0 13. Qe2 Rdg8 14. Nf3 g5 15. Ne5 Rg7 16. Bb5 a6 17. Bd3 gxf4 18. exf4 h5 19. Rf2 h4 20. Rf3 Nh5 21. Qf2 hxg3 22. hxg3 Rhg8 23. Qh2 Nxg3 24. Rxg3 Rxg3+ 0-1

[Event "BL2 Gr01 0506 (Women)"]
[Site "Germany"]
[Date "2005.10.30"]
[Round "2.4"]
[White "Hahnen, Elke"]
[Black "Sautter, Elke"]
[Result "0-1"]
[WhiteElo "1756"]
[BlackElo "1803"]
[PlyCount "54"]
[EventDate "2005.10.29"]
[EventType "team-tourn"]
[EventRounds "7"]
[EventCountry "GER"]
[SourceTitle "EXT 2007"]
[Source "ChessBase"]
[SourceDate "2006.11.23"]
[SourceVersion "1"]
[SourceVersionDate "2006.11.23"]
[SourceQuality "1"]
[WhiteTeam "Duesseldorf (W)"]
[BlackTeam "Stuttgart Wolfbusch (W)"]
[WhiteTeamCountry "GER"]
[BlackTeamCountry "GER"]

1. d4 e6 2. f4 f5 3. Nf3 Nf6 4. e3 Be7 5. Bd3 b6 6. Qe2 a5 7. c4 Bb7 8. Nc3 Na6 9. a3 0-0 10. Bd2 Ne4 11. 0-0-0 Nxc3 12. Bxc3 Be4 13. Bxe4 fxe4 14. Nd2 d5 15. g4 c6 16. Rdg1 Nc7 17. a4 b5 18. b3 bxc4 19. bxc4 Na6 20. c5 Nb4 21. Nf1 Qb8 22. Ng3 Bh4 23. g5 Bxg3 24. hxg3 g6 25. Rh2 Ra7 26. Qd1 Rb7 27. Bxb4 Rxb4 0-1

[Event "GER-chT3 West (Women) 0405"]
[Site "Germany"]
[Date "2005.02.20"]
[Round "4.3"]
[White "Mense, Petra"]
[Black "Hahnen, Elke"]
[Result "0-1"]
[WhiteElo "1606"]
[BlackElo "1757"]
[PlyCount "84"]
[EventDate "2004.11.07"]
[EventType "team"]
[EventRounds "5"]
[EventCountry "GER"]
[SourceTitle "EXT 2006"]
[Source "ChessBase"]
[SourceDate "2005.11.24"]
[SourceVersion "1"]
[SourceVersionDate "2005.11.24"]
[SourceQuality "1"]
[WhiteTeam "Heiden (W)"]
[BlackTeam "Duesseldorf (W)"]
[WhiteTeamCountry "GER"]
[BlackTeamCountry "GER"]

1. e4 c6 2. Nf3 d5 3. exd5 cxd5 4. d4 Nc6 5. Bd3 Nf6 6. c3 Qc7 7. Bg5 Bg4 8. Nbd2 e6 9. Qc2 Be7 10. Bxf6 gxf6 11. h3 Bh5 12. g4 Bg6 13. Nh4 Nxd4 14. Qa4+ Nc6 15. Nxg6 hxg6 16. Bb5 a6 17. Nf3 Kd7 18. Bd3 b5 19. Qb3 Rab8 20. Qc2 Qf4 21. Qd1 Bc5 22. Bf1 Kc7 23. Bg2 Ne5 24. Rc1 Qe4+ 25. Kf1 Qc4+ 26. Qe2 Qf4 27. Rd1 Nc4 28. b3 Nd6 29. Qd2 Qxd2 30. Rxd2 b4 31. cxb4 Rxb4 32. Rc2 Kb6 33. Nd2 Rf4 34. f3 Be3 35. Ke2 Bc5 36. Rhc1 Rc8 37. Nb1 Nb5 38. Rd2 Rd8 39. Kd3 e5 40. Nc3 Nxc3 41. Rxc3 Rd4+ 42. Ke2 Rxd2+ 0-1